000
00269nam a2200109Ia 4500
008
220204s9999 xx 000 0 und d
082
_a
687.13
_b
HAL
245
0
_a
Children's clothes and toys
260
_a
California
_b
Lane
_c
1983
700
_a
Hallowell, A R
942
_c
BK
999
_c
38687
_d
38687